000 00992nam a2200265 i 4500
001 66888
003 ES-MaACL
005 20250902034302.0
007 t|
008 990901s2002 sp ab |||| | spa d
020 _a84-7782-013-9
080 _a656(460)"17/19"(084.3)
080 _a912(460)"17/19"
100 0 _aBahamonde Magro, Angel,
_d1949-
_924660
245 1 0 _aAtlas histórico de las comunicaciones en España, 1700-2002 /
_cautores, Ángel Bahamonde Magro, Gaspar Martínez Lorente, Luis Enrique Otero Carvajal.
260 _a[Madrid] :
_bCorreos y Telégrafos,
_c[2002]
300 _a304 p. :
_bmapas ;
_c34 cm.
650 1 4 _aComunicaciones-
_zEspaña-
_vMapas.
_9151283
651 4 _aEspaña-
_vMapas.
_9138074
700 1 _aMartínez Lorente, Gaspar.
_978194
700 1 _aOtero Carvajal, Luis Enrique,
_d1957-
_987903
710 2 _aEntidad Pública Empresarial Correos y Telégrafos (España)
_93481
852 _aES-MaACL
_jL-27366
999 _c66888
_d66888